Advanced Calculus
Αποθηκεύτηκε σε:
| Κύριος συγγραφέας: | |
|---|---|
| Μορφή: | Βιβλίο |
| Γλώσσα: | English |
| Δημοσίευση: |
Reading Mas. :
Addison-Wesley,
c1991
|
| Έκδοση: | 4th ed. |
| Θέματα: | |
| Ετικέτες: |
Προσθήκη ετικέτας
Δεν υπάρχουν, Καταχωρήστε ετικέτα πρώτοι!
|
MARC
| LEADER | 00000nam a2200000 i 4500 | ||
|---|---|---|---|
| 001 | 1/42856 | ||
| 008 | 941103s1991 eng d | ||
| 020 | |a 0-201-57888-3 | ||
| 035 | |a 1995 |c ΑΝΟΥΣΗΣ |l 10041878 | ||
| 040 | |a GR-MY-UA |b gre |e aacr | ||
| 041 | 0 | |a eng | |
| 082 | 0 | |a 515. | |
| 100 | 1 | |a Kaplan, Wilfred. | |
| 245 | 1 | 0 | |a Advanced Calculus / |c Wilfred Kaplan |
| 250 | |a 4th ed. | ||
| 260 | |a Reading Mas. : |b Addison-Wesley, |c c1991 | ||
| 300 | |a 746 p.; |c 24 cm. | ||
| 500 | |a Includes index | ||
| 650 | 0 | 0 | |a Calculus. |
| 852 | |a INST |b SAMOS |e 19960118 |h 515 KAP |p 005300004904 |q 005300004904 |t BK |y 0 | ||
| 852 | |a INST |b SAMOS |e 19941103 |h 515 KAP |p 005300014144 |q 005300014144 |t BK |y 12 | ||
| 909 | |a Σ |b 040971 | ||
| 909 | |a Σ |b 007652 | ||